| 000 | 00941nam a2200253Ia 4500 | ||
|---|---|---|---|
| 003 | OSt | ||
| 005 | 20221005113349.0 | ||
| 006 | a|||||r|||| 00| 0 | ||
| 007 | ta | ||
| 008 | 221004b |||||||| |||| 00| 0 pan d | ||
| 020 | _cINR 200.00 | ||
| 024 | _a67026 | ||
| 037 |
_bSP/5346, 15/02/2020, Star Publications Pvt. Ltd. _cTextual |
||
| 040 |
_aCRL _cCRL _bpan |
||
| 041 |
_2pan _apan |
||
| 082 | _aNRwN69, 153Q9 | ||
| 100 | _aਵਾਲਾ, ਸੇਖੋ੍ਵ ਜੰਡ, ਥਦ. | ||
| 245 | 0 | _aਗਾਇਕ ਰਾਜ ਬਰਾੜ ਦੀਆਂ ਸੰਦਲੀ ਪੈੜਾਂ | |
| 260 |
_aਬਰਨਾਲਾ _bਤਰਕਭਾਰਤੀ ਪ੍ਰਕਾFਨ ਭਾਰਤ _c2019 |
||
| 300 |
_a208ਪ੍ਰ0 _ccm. |
||
| 650 | _aਸੰਗੀਤ | ||
| 942 |
_hNRwN69, 153Q9 _cTEXL _2cc |
||
| 999 |
_c1027919 _d1027919 |
||